000 01147nam a2200217Ia 4500
003 Ost
005 20260507075353.0
008 260507s9999||||xx |||||||||||||| ||und||
040 _cfsecg
041 _aara
082 _a330
100 _aعوض الله، زينب حسين
_eمؤلف
245 0 _aاقتصادات النقود و التمويل /
_c زينب حسين عوض الله
260 _aالاسكندرية:
_bدار الجامعة الجديدة,
_c2010
300 _a352 صفحة؛
_bإيضاحات ؛
_c24 سم
520 _aالنقود و النظام النقدي- تطور النقود و اهميتها- النظام النقدي- المؤسسات النقدية و المالية- الإئتمان- البنوك التجارية- البنك المركزي- المؤسسات النقدية و المالية الوسيطية- البورصات- النقود و المتغيرات الاقتصادية- قيمة النقود من خلال التحليل النقدي- النقود و التضخم
653 _aالإقتصاد النقدي
653 _aالتمويل
653 _aالنقود
942 _cكتاب
999 _c44160
_d44160